Les maisons cultes du cinéma - Statistiques

Statistiques générales
  • Ce quiz a été pris 1 356 fois
  • Le résultat moyen est 6 sur 16
Statistiques - réponses
Par images Réponse % Correct
Harry Potter
93%
Le Seigneur des Anneaux
89%
Star Wars IV Un nouvel espoir
75%
Conjuring
65%
Iron Man
48%
Maman, j'ai râté l'avion
36%
Twilight
34%
Le Gendarme de Saint Tropez
33%
Psychose
31%
Scarface
28%
Gatsby le Magnifique
26%
Django Unchained
14%
La Soupe aux Choux
14%
Stuart Little
8%
Le Chat Chapeauté
3%
Paranormal Activity
1%
Aucun quiz correspondant
Distribution des résultats
% des personnes avec chaque résultat
Percentile par nombre de réponses
Votre historique - résultats
Vous n’avez pas pris ce quiz